Improved skim rubber: Creaming of skim latex (Record no. 50967)

MARC details
000 -LEADER
fixed length control field 00365nam a2200145Ia 4500
100 ## - MAIN ENTRY--AUTHOR NAME
Personal name Thomas E.V.
245 #0 - TITLE STATEMENT
Title Improved skim rubber: Creaming of skim latex
260 ## - PUBLICATION, DISTRIBUTION, ETC. (IMPRINT)
Name of publisher Rubber Board Bulletin
Year of publication 1966-68
300 ## - PHYSICAL DESCRIPTION
Number of Pages 32-38
650 ## - SUBJECT ADDED ENTRY--TOPICAL TERM
Topical Term Creaming
650 ## - SUBJECT ADDED ENTRY--TOPICAL TERM
Topical Term Skim rubber
700 ## - ADDED ENTRY--PERSONAL NAME
Personal name Jacob P.J.
942 ## - ADDED ENTRY ELEMENTS (KOHA)
Koha item type Bibliography STAF
Holdings
Withdrawn status Lost status Damaged status Not for loan Home library Current library Shelving location Date acquired Serial Enumeration / chronology Koha item type
      Bibliography RRII Library RRII Library Rubber chemistry 09/04/2014 Volume 9, Issue 3 Bibliography STAF